000 00923nam a2200217 i 4500
001 189587
003 ES-MaACL
005 20230906223517.0
007 t|
008 190624s1953 sp r ||||1| spa d
100 1 _aNájera y Angulo, Fernando.
_984873
245 1 3 _aResinación con estimulantes químicos
_b: estudio general de experiencias realizadas en los pinares españoles.
_nII,
_pÁcido sulfúrico /
_cpor F. Nájera y Angulo, M. P. Rifé Lamprecht.
260 _aMadrid :
_bInstituto Forestal de Investigaciones y Experiencias,
_c1953.
300 _a100 p. ;
_c24 cm.
490 1 _aInstituto Forestal de Investigaciones y Experiencias ;
_vAño XXIV nº 65
650 4 _aResinación.
_9167261
700 1 _aRifé Lamprecht, María del Pilar.
_9167337
830 0 _aInstituto Forestal de Investigaciones y Experiencias ;
_vAño XXIV nº 65
_9181435
852 _aES-MaACL
_jP-569-Bis-52
999 _c189587
_d189587